Score 0/28 Timer 03:00
0 Plays Today
Hint Answer % Correct
Steak with a bright red centerRARE
93.3%
★ 1967 MVP, ______ Yastrzemski ★★ CARL ★
92.4%
★ 'Bloody sock' pitcher ______ Schilling ★★ CURT ★
92.4%
To injureHURT
92.1%
Reality TV Show, The Amazing ______RACE
91.7%
NFL team in Indianapolis, type of horseCOLT
91.2%
Called a trolley in the UK, shopping ______CART
91.1%
Sodium chlorideSALT
90.5%
To heal a disease or conditionCURE
90.5%
To stopHALT
90.5%
Earth's layers include mantle, crust and _____CORE
90.4%
★ All-Star Red Sox pitcher, Chris ★★ SALE ★
90.2%
Having a Y chromosomeMALE
89.1%
★ Former Red Sox manager, Alex ★★ CORA ★
88.4%
Hint Answer % Correct
When the sun comes up, it is called sun _____RISE
88.2%
★ Only postseason cycle hitter, Brock ★★ HOLT ★
88.2%
Coke or Pepsi, e.g.COLA
87.8%
Another word for throw/tossHURL
87.6%
Role in a moviePART
86.7%
To form into a curved or spiral shapeCURL
86.5%
To cut down; to trim edgesPARE
83.3%
Fully developed fruit or vegetableRIPE
83%
To take a chance or put something at stakeRISK
82.4%
★ Legendary catcher, Carlton ★★ FISK ★
74.6%
★ Red Sox outfielder, 8x All-Star, Jim ★★ RICE ★
70.2%
Length of cordROPE
69.7%
6.022*10^23MOLE
68.7%
To sulk or grieveMOPE
67%

Today's Daily Dose

Remove Ads.
Support Sporcle.
Get the best of Sporcle when you Go Orange. This ad-free experience offers more features, more stats, and more fun while also helping to support Sporcle. Thank you for becoming a member.

You're not logged in!

Compare scores with friends on all Sporcle quizzes.
OR
Log In

Show Comments

Extras

Top Quizzes Today


Score Distribution

Your Account Isn't Verified!

In order to create a playlist on Sporcle, you need to verify the email address you used during registration. Go to your Sporcle Settings to finish the process.

Report this User

Report this user for behavior that violates our Community Guidelines.

Details: